| 000 | 00000nam##2200000za#4500 |
| 001 | 9.612462 |
| 003 | CaOODSP |
| 005 | 20200327124702 |
| 007 | ta |
| 008 | 150406|1994||||xxc||||| f|0| 0 eng|d |
| 022 | |a0706-6457 |
| 040 | |aCaOODSP|beng |
| 043 | |an-cn--- |
| 086 | 1 |aFs97-6/2020E |
| 110 | 1 |aCanada. |bDepartment of Fisheries and Oceans. |
| 245 | 10|aProceedings of the Regional Groundfish Assessment Review for Newfoundland, May 9-13, 1994 / |cEdited by P. A. Shelton and D. B. Atkinson. |
| 260 | |aOttawa - Ontario : |bFisheries and Oceans Canada |c1994. |
| 300 | |av, 100p. : |bfigs., graphs, references, tables ; |c28 cm. |
| 490 | 1 |aCanadian technical report of fisheries and aquatic sciences|x0706-6457|v2020 |
| 500 | |aPrepared at the Science Branch, Department of Fisheries and Oceans, P.O. Box 5667, St. John's, Newfoundland A1C 5X1. |
| 546 | |aRésumés en français |
| 563 | |aSoftcover |
| 590 | |a95-29|b1995-07-21 |
| 690 | 07|aFisheries|2gcpds |
| 720 | 1 |aShelton, P. A. |
| 720 | 1 |aAtkinson, D. B. |
| 776 | 0#|tProceedings of the Regional Groundfish Assessment Review for Newfoundland, May 9-13, 1994 / |w(CaOODSP)9.573887 |
| 830 | #0|aCanadian technical report of fisheries and aquatic sciences,|x0706-6457|v2020|w(CaOODSP)9.514691 |